| 000 | 00371nam a2200157Ia 4500 | ||
|---|---|---|---|
| 008 | 210719s1992 xx 000 0 und d | ||
| 020 | _a0887306470 | ||
| 041 | _aeng | ||
| 082 | _a658.4 BARP | ||
| 100 | _aBARKER (Joel Arthur) | ||
| 245 | _aParadigms. | ||
| 260 |
_aUSA _bHarper business _c1992 |
||
| 300 |
_a240 _bPB |
||
| 365 | _cRs | ||
| 650 | _aExecutive Management | ||
| 999 |
_c213610 _d213610 |
||